Mesa cultural

Gespeichert in:
Bibliographische Detailangaben
Körperschaft: Instituto de Cooperación Iberoaméricana
Format: Text
Veröffentlicht: Madrid: Huertas
Tags: Tag hinzufügen
Keine Tags, Fügen Sie den ersten Tag hinzu!

MARC

LEADER 00000 a a2200000 04500
001 25467
003
040
090 |a 152530  
110 |a Instituto de Cooperación Iberoaméricana  
245 |a Mesa cultural  
260 |a Madrid:   |b Huertas  
300 |a 516 p.   |b il.  
999 |c 6130  |d 6130